[Event "Lazy Baltic Pearl op-C 21st"]
[Site "Lazy"]
[Date "2025.07.03"]
[Round "4"]
[White "Zakrzewicz, Krzysztof"]
[Black "Aleksandrowicz, Marek"]
[Result "1/2-1/2"]
[WhiteElo "2052"]
[BlackElo "1894"]
[PlyCount "45"]
[EventDate "2025.06.30"]
[EventType "swiss"]
[EventRounds "9"]
[EventCountry "POL"]
[SourceTitle "CB28_2025"]
[SourceDate "2025.07.09"]
[SourceVersion "1"]
[SourceVersionDate "2025.07.09"]
[SourceQuality "1"]

1. e4 c6 2. d3 d5 3. Nd2 e5 4. Ngf3 Bd6 5. g3 Nf6 6. Bg2 0-0 7. 0-0 Re8 8. c3 Nbd7 9. Qc2 Nf8 10. Re1 Qc7 11. Nf1 dxe4 12. dxe4 Ne6 13. Ne3 b5 14. a4 a6 15. axb5 cxb5 16. Nd5 Nxd5 17. exd5 Nc5 18. Ng5 g6 19. Be3 Bf5 20. Ne4 Nxe4 21. Bxe4 Bd7 22. Bg2 a5 23. b3 1/2-1/2